| 000 | 00410cam a2200169 4500 | ||
|---|---|---|---|
| 001 | D12946 | ||
| 008 | 090401t1898 xxu||||| |||| 00| 0 eng d | ||
| 035 | _a(Sirsi) u6784 | ||
| 041 | _aeng | ||
| 100 | _aHenderson, Richard | ||
| 245 | 4 | _aThe young estate manager`s guide | |
| 260 |
_aEdinburgh _bWilliam Blackwood and Sons _c1898 |
||
| 350 | _a0 | ||
| 520 | _aShelf 116 | ||
| 942 | _n0 | ||
| 948 | _c04/03/1997 | ||
| 999 |
_c86350 _d86350 |
||